| 000 | 00375nam a22001697a 4500 | ||
|---|---|---|---|
| 020 | _a81-8204-063-9 | ||
| 082 |
_a657 _bRAW |
||
| 100 | _aRAWAT, G.S | ||
| 245 | _aELEMENTS OF HOTEL ACCOUNTACY | ||
| 250 | _a8TH | ||
| 260 |
_aDELHI _bAMAN _c2014 |
||
| 300 | _a374 | ||
| 650 | _aHOTEL ACCOUNTANCY | ||
| 653 | _aACCOUNT, ACCOUNTANCY | ||
| 700 | _aBOOKS | ||
| 942 |
_2ddc _cBK _02 |
||
| 999 |
_c8008 _d8008 |
||